ბათუმის შოთა რუსთაველის სახელმწიფო უნივერსიტეტის ბიბლიოთეკა

კარტოფილის კიბოს ქართული პოპულაციის პათოტიპური სტრუქტურის შესწავლა და დაავადების კონტროლის საშუალებების შემუშავება / (ბიბ.ჩანაწერი № 57077)

000 -ლიდერი
ფიქსირებული სიგრძის საკონტროლო ველი 01639nam a22002417a 4500
003 - საკონტროლო ნომრის იდენტიფიკატორი
საკონტროლო ველი Ge_BSU
005 - ბოლო ოპერაციის თარიღი და დრო
საკონტროლო ველი 20221221152801.0
008 - ფიქსირებული სიგრძის მონაცემთა ელემენტები - ზოგადი ინფორმაცია
ფიქსირებული სიგრძის საკონტროლო ველი 191112s2019 ge ||||| |||| 00| 0 geo d
041 ## - ენის კოდი
Language code of text/sound track or separate title geo
080 ## - უნივერსალური ათობითი კლასიფიკაციის ინდექსი
Universal Decimal Classification number 58 ღ-83
100 ## - მთავარი ჩანაწერი - პიროვნების სახელი
Relator code ღოღობერიძე, სოფიო
245 ## - ცნობა სათაურის შესახებ
Title კარტოფილის კიბოს ქართული პოპულაციის პათოტიპური სტრუქტურის შესწავლა და დაავადების კონტროლის საშუალებების შემუშავება /
Statement of responsibility, etc სოფიო ღოღობერიძე; სამ. ხელმძღვ. ზ. სიხარულიძე.
264 ## - წარმოების, გამოცემის, დისტრიბუციის და სხვა ცნობები
გამოცემის, წარმოების, დისტრიბუციის... ადგილი ბათუმი,
გამოცემის, წარმოების, დისტრიბუციის... თარიღი 2019
300 ## - ფიზიკური აღწერა
Extent 143 გვ. :
Other physical details სურ. ცხრ.;
Dimensions 30 სმ.
504 ## - BIBLIOGRAPHY, ETC. NOTE
Bibliography, etc ბიბლიოგრ. გვ. 132-143
653 ## - INDEX TERM--UNCONTROLLED
Uncontrolled term ბოტანიკა
653 ## - INDEX TERM--UNCONTROLLED
Uncontrolled term აგრარული მეცნიერებანი
653 ## - INDEX TERM--UNCONTROLLED
Uncontrolled term კარტოფილის კიბოს შესწავლა
653 ## - INDEX TERM--UNCONTROLLED
Uncontrolled term დისერტაცია
700 ## - ADDED ENTRY--PERSONAL NAME
Personal name სიხარულოიძე, ზოია
Relator term მეცნ. ხელმძღვანელი
9 (RLIN) 5300
710 ## - ADDED ENTRY--CORPORATE NAME
Corporate name or jurisdiction name as entry element ბათუმის შოთა რუსთაველის სახელმწიფო უნივერსიტეტი
Subordinate unit ტექნოლოგიური ფაკულტეტი
Relator term აგროეკოლოგიისა და სატყეო საქმის დეპარტამენტი
9 (RLIN) 5301
942 ## - ADDED ENTRY ELEMENTS (KOHA)
Source of classification or shelving scheme
Koha item type დისერტაცია
ეგზემპლარები
ჩამოწერის სტატუსი დაკარგული ეგზემპლარის სტატუსი კლასიფიკაციის წყარო ან თაროზე გაწყობის სქემა მითითებული მასალები (აკინძული ტომები ან სხვა ნაწილი) დაზიანების სტატუსი არ გაიცემა მუდმივი მდებარეობა (დაცვის ადგილი) ამჟამინდელი ადგილსამყოფელი თაროზე განთავსების ადგილი შეძენის თარიღი სრული შენახვის შიფრი შტრიხკოდი ბოლო ოპერაციის თარიღი ეგზემპლარის მიმდევრობითი ნომერი (კეტერი?) ფასის ძალაში შესვლის თარიღი ეგზემპლარის სახეობა
      დისერტაცია     ბათუმის შოთა რუსთაველის სახელმწიფო უნივერსიტეტის მთავარი ბიბლიოთეკა ბათუმის შოთა რუსთაველის სახელმწიფო უნივერსიტეტის მთავარი ბიბლიოთეკა წიგნსაცავი 2019-11-12 58 ღ-83 329 დისერტაცია 2019-11-12 329 2019-11-12 დისერტაცია